Catálogo
 En Linea

Relaciones domínico-haitianas : (Registro nro. 3055)

Detalles MARC
000 -CABECERA
campo de control de longitud fija 01134nam a2200253 u 4500
001 - NÚMERO DE CONTROL
campo de control 000003224
005 - FECHA Y HORA DE LA ÚLTIMA TRANSACCIÓN
campo de control 20240228135320.0
008 - DATOS DE LONGITUD FIJA--INFORMACIÓN GENERAL
campo de control de longitud fija 090707t2001 dr a 001 0 spa d
020 ## - NÚMERO INTERNACIONAL ESTÁNDAR DEL LIBRO
Número Internacional Estándar del Libro 9993483303
040 ## - FUENTE DE LA CATALOGACIÓN
Centro catalogador/agencia de origen DO-SdBNP
Lengua de catalogación spa
Centro/agencia transcriptor BNPHU
082 ## - NÚMERO DE LA CLASIFICACIÓN DECIMAL DEWEY
Número de clasificación 327.729307294
Número de documento/Ítem P127r
100 1# - ENTRADA PRINCIPAL--NOMBRE DE PERSONA
Nombre de persona Páez Piantini, William,
Fechas asociadas al nombre 1937-
9 (RLIN) 70367
245 10 - MENCIÓN DE TÍTULO
Título Relaciones domínico-haitianas :
Resto del título 300 años de historia /
Mención de responsabilidad, etc. William Páez Piantini ; presentación Miguel Antonio Rodríguez Cabrer.
260 ## - PUBLICACIÓN, DISTRIBUCIÓN, ETC.
Lugar de publicación, distribución, etc. Santo Domingo :
Nombre del editor, distribuidor, etc. Secretaría de Estado de Relaciones Exteriores.
-- Escuela Diplomática y Consular,
Fecha de publicación, distribución, etc. 2001.
Fabricante Centenario,
300 ## - DESCRIPCIÓN FÍSICA
Extensión 384 p. :
Otras características físicas il. ;
Dimensiones 23 cm.
590 ## - NOTA LOCAL (RLIN)
Nota local Inventariado, 2018/BT
651 #4 - PUNTO DE ACCESO ADICIONAL DE MATERIA--NOMBRE GEOGRÁFICO
Nombre geográfico República Dominicana
Subdivisión general Historia
9 (RLIN) 170
651 #4 - PUNTO DE ACCESO ADICIONAL DE MATERIA--NOMBRE GEOGRÁFICO
Nombre geográfico República Dominicana
Subdivisión general Relaciones Exteriores
Subdivisión geográfica Haití
9 (RLIN) 2233
651 #4 - PUNTO DE ACCESO ADICIONAL DE MATERIA--NOMBRE GEOGRÁFICO
Nombre geográfico Haití
Subdivisión general Relaciones Exteriores
Subdivisión geográfica República Dominicana
9 (RLIN) 2234
651 #4 - PUNTO DE ACCESO ADICIONAL DE MATERIA--NOMBRE GEOGRÁFICO
Nombre geográfico República Dominicana
Subdivisión general Emigración E Inmigración
Subdivisión geográfica Historia
9 (RLIN) 10167
651 #4 - PUNTO DE ACCESO ADICIONAL DE MATERIA--NOMBRE GEOGRÁFICO
Nombre geográfico Haití
Subdivisión general Emigración E Inmigración
Subdivisión geográfica Historia
9 (RLIN) 10168
700 1# - PUNTO DE ACCESO ADICIONAL--NOMBRE DE PERSONA
Nombre de persona Rodríguez Cabrer, Miguel Antonio
9 (RLIN) 2259
910 ## - DATOS DE OPCIÓN DEL USUARIO (OCLC)
Datos de opción del usuario Validado. Control de calidad. EMS
Existencias
Estado de retiro Estado de pérdida No para préstamo Código de colección Localización permanente Ubicación/localización actual Ubicación en estantería Fecha de adquisición Fuente de adquisición Número de inventario Total de préstamos Signatura topográfica completa Código de barras Fecha visto por última vez Precio válido a partir de Tipo de ítem Koha
    Excluido de préstamo Patrimonio Dominicano Patrimonio Dominicano Patrimonio Dominicano Depósito 07.07.2009 051144 LF1   327.729307294 P127r 3224-10 25.06.2020 25.06.2020 Libro y Folleto Colección Patrimonio Dominicano

Con tecnología Koha